header

Exploring the dynamics of the new generation of corporate universities and enterprise academies (Record no. 49825)

MARC details
000 -LEADER
fixed length control field 01157nam a2200277Ia 4500
245 00 - TITLE STATEMENT
Title Exploring the dynamics of the new generation of corporate universities and enterprise academies
260 ## - PUBLICATION, DISTRIBUTION, ETC. (IMPRINT)
Place of publication Bradford, England :
Name of publisher Emerald Group Publishing,
Year of publication c2005.
300 ## - PHYSICAL DESCRIPTION
Number of Pages 139 p.
490 0# - SERIES STATEMENT
Series statement Journal of workplace learning ;
650 #0 - SUBJECT ADDED ENTRY--TOPICAL TERM
Topical Term Employees
Topical Term Occupational training.
700 1# - ADDED ENTRY--PERSONAL NAME
Personal name Dealtry, T. Richard.
856 40 - ELECTRONIC LOCATION AND ACCESS
Uniform Resource Identifier http://site.ebrary.com/lib/rucke/Doc?id=10085711

No items available.

© 2026 Rongo University
Contact us: librarian | system librarian | Rongo university